| 000 | 00993cam a2200301 a 4500 | ||
|---|---|---|---|
| 999 |
_c330753 _d330753 |
||
| 001 | 12518194 | ||
| 003 | NUST | ||
| 005 | 20180116120819.0 | ||
| 008 | 010522r18832001pk 000 0 eng | ||
| 010 | _a 2001310274 | ||
| 020 | _a9693511158 | ||
| 025 | _aP-E-2001310274; 09 | ||
| 035 | _a(DLC) 200131027 | ||
| 040 |
_aDLC _cDLC |
||
| 042 | _alcode | ||
| 043 | _aa-ii--- | ||
| 050 | 0 | 0 |
_aDS485.H67 _bG39 2001 |
| 082 |
_a954.552 _bGAZ |
||
| 245 | 0 | 0 |
_aGazetteer of the Hoshiarpur district : _b1883-84. |
| 246 | 3 | 0 | _aHoshiarpur district |
| 260 |
_aLahore : _bSang-e-Meel Publications, _c2001. |
||
| 300 |
_av, 159, xxiv p. ; _c25 cm. |
||
| 500 | _aOriginally published: Lahore : Civil and Military Gazette Press | ||
| 504 | _aIncludes bibliographical references. | ||
| 651 | 0 |
_aHoshiarpur (India : District) _93729 |
|
| 906 |
_a7 _bcbc _corigode _d2 _encip _f20 _gy-gencatlg |
||
| 942 |
_2ddc _cBK |
||